[Event "1"]
[Site "http://www.queenalice.com/game.php?id=131490"]
[Date "2006.11.20"]
[Round "-"]
[White "marius"]
[Black "coolkacheek"]
[Result "0-1"]
[WhiteElo "1781"]
[BlackElo "1883"]

1. e4 c5 2. Nf3 d6 3. Bc4 a6 4. a3 e6 5. d3 b5 6. Ba2 Nc6 7. Bf4 Be7 8. Nc3 Nf6
9. O-O O-O 10. Re1 Qc7 11. e5 Nd7 12. exd6 Bxd6 13. Bxd6 Qxd6 14. Ne4 Qe7 15. c4
Bb7 16. cxb5 axb5 17. d4 Rfd8 18. dxc5 Nxc5 19. Qc1 Nd3 20. Qc3 Nxe1 21. Rxe1
Rac8 22. Qe3 Nb8 23. Nd4 Bc6 24. f4 Qb7 25. Nc5 Qb6 26. Ncxe6 fxe6 27. f5 Kh8
28. f6 Qxd4 0-1

[Event "2"]
[Site "http://www.queenalice.com/game.php?id=131491"]
[Date "2006.11.20"]
[Round "-"]
[White "coolkacheek"]
[Black "marius"]
[Result "1-0"]
[WhiteElo "1840"]
[BlackElo "1780"]

1. e4 b6 2. c4 e6 3. Nc3 Bb7 4. f4 d6 5. d4 Nf6 6. Bd3 Nc6 7. Nf3 g6 8. h3 Bg7
9. Be3 O-O 10. O-O Re8 11. Qe1 e5 12. d5 Nb4 13. Bb1 c6 14. a3 Na6 15. Bc2 cxd5
16. cxd5 Rc8 17. Nh4 exf4 18. Rxf4 g5 19. Rf1 gxh4 20. Qxh4 h6 21. Bxh6 Nc5 22.
Qg5 Kf8 23. Bxg7+ 1-0

[Event "Challenge"]
[Site "http://www.queenalice.com/game.php?id=134736"]
[Date "2006.11.29"]
[Round "-"]
[White "coolkacheek"]
[Black "McErik"]
[Result "0-1"]
[WhiteElo "1992"]
[BlackElo "1914"]

1. e4 d6 2. d4 Nf6 3. Bd3 g6 4. c4 Bg7 5. f4 e5 6. d5 exf4 7. Bxf4 Nxe4 8. Qc2
Qf6 9. Bc1 Qh4+ 10. Kf1 Ng3+ 11. hxg3 Qxh1 12. Qe2+ Be5 13. Bg5 Na6 14. Nc3 Nc5
15. Bc2 O-O 16. Kf2 f5 17. Rf1 Ne4+ 18. Bxe4 fxe4+ 19. Ke1 Bxg3+ 20. Kd2 Bg4 21.
Rxf8+ Rxf8 22. Qxg4 Qxg2+ 23. Nge2 Be1+ 0-1

[Event "Challenge"]
[Site "http://www.queenalice.com/game.php?id=142775"]
[Date "2006.12.17"]
[Round "-"]
[White "coolkacheek"]
[Black "gianmario"]
[Result "0-1"]
[WhiteElo "1911"]
[BlackElo "1710"]

1. e4 e6 2. d4 d5 3. exd5 exd5 4. Bd3 Nc6 5. Nf3 Bg4 6. c3 Qe7+ 7. Be3 O-O-O 8.
Nbd2 Nf6 9. b4 Ne4 10. Qb3 Bxf3 11. Nxf3 a5 12. b5 Nb8 13. c4 dxc4 14. Qxc4 Qb4+
15. Qxb4 Bxb4+ 16. Kf1 Rhe8 17. g3 f6 18. Kg2 Rd5 19. a3 Bc3 20. Rab1 a4 21. Bc2
Ba5 22. Rhc1 Nc3 23. Rb2 Ne2 24. Rd1 Nc3 25. Rf1 Kd8 26. Ne1 Nxb5 27. Bxa4 c6
28. Bb3 Rd7 29. d5 Nxa3 30. Bc5 Nb5 31. dxc6 Nxc6 32. Nd3 Rxd3 33. Bc4 Rc3 0-1

[Event "Challenge"]
[Site "http://www.queenalice.com/game.php?id=144560"]
[Date "2006.12.21"]
[Round "-"]
[White "bienopia"]
[Black "coolkacheek"]
[Result "1-0"]
[WhiteElo "1791"]
[BlackElo "1846"]

1. d4 f5 2. f4 Nf6 3. Nf3 g6 4. e3 Bg7 5. Bc4 e6 6. Nbd2 O-O 7. c3 b6 8. O-O Bb7
9. Ne5 Nc6 10. b4 Ne7 11. Ndf3 Ne4 12. Qe1 Nd5 13. Bb2 Kh8 14. Bb3 d6 15. Nd3 g5
16. g3 Qf6 17. c4 Ne7 18. d5 Qg6 19. Bxg7+ Kxg7 20. fxg5 exd5 21. Nf4 Qf7 22.
Nd4 Bc8 23. cxd5 Kh8 24. Qc1 Ng6 25. Qb2 Ne5 26. Nde6 Rg8 27. Rac1 Ba6 28. Rfd1
Rac8 29. Qa3 Bb5 30. Qxa7 Nxg5 31. Rxc7 Rxc7 32. Nxc7 Qd7 33. Qxb6 Ngf3+ 34. Kf2
Bc4 35. Bxc4 Nxc4 36. Qc6 Nfe5 37. Qxd7 Nxd7 38. Nce6 Nde5 39. Nd4 Ng4+ 40. Kg1
Ncxe3 41. Rc1 Ra8 42. Ra1 Kg7 43. Nfe6+ Kf6 44. a4 Nxd5 45. b5 Ne5 46. a5 Nd7
47. a6 N7b6 48. Rf1 Ne3 49. Rf3 Nbd5 50. h3 Ke5 51. Kf2 Rb8 52. Nc6+ Kxe6 53.
Rxe3+ Nxe3 54. Nxb8 Nd5 55. a7 Nb6 56. Na6 Kd7 57. Kf3 Kc8 58. Kf4 Kb7 59. Kxf5
Kxa7 60. Ke4 Kb7 61. Kd4 Kc8 62. Nb4 Kd7 63. Nd5 Nc8 64. Nf6+ Ke6 65. Nxh7 Ne7
66. Ng5+ Kd7 67. Nf7 Nf5+ 68. Kd5 Ne7+ 69. Ke4 Ke6 70. Nd8+ Kd7 71. Nb7 Kc7 72.
Nxd6 Kxd6 73. g4 Kc5 74. Ke5 Kxb5 75. Kf6 Nd5+ 76. Kf7 Kc6 77. g5 Nf4 78. h4 Kd6
79. g6 Nxg6 80. Kxg6 Ke7 81. Kg7 1-0

[Event "Challenge"]
[Site "http://www.queenalice.com/game.php?id=161513"]
[Date "2007.1.31"]
[Round "-"]
[White "coolkacheek"]
[Black "technicaldraw"]
[Result "1/2-1/2"]
[WhiteElo "1958"]
[BlackElo "2078"]

1. e4 c6 2. d4 d5 3. Nc3 dxe4 4. Nxe4 Bf5 5. Ng3 Bg6 6. h4 h6 7. Nf3 Nd7 8. Bd3
Bxd3 9. Qxd3 Ngf6 10. Be3 e6 11. O-O-O Qc7 12. c4 Bd6 13. Ne4 Nxe4 14. Qxe4 Nf6
15. Qd3 O-O-O 16. Qb3 Bf4 17. g3 Bxe3+ 18. Qxe3 Ng4 19. Qe2 Qa5 20. a3 Qf5 21.
Rhf1 Rd7 22. Ne5 Nxe5 23. Qxe5 Qxe5 24. dxe5 Rhd8 25. Rxd7 Rxd7 26. Rd1 c5
1/2-1/2

[Event "Challenge"]
[Site "http://www.queenalice.com/game.php?id=164746"]
[Date "2007.2.7"]
[Round "-"]
[White "coolkacheek"]
[Black "GoodKnight"]
[Result "0-1"]
[WhiteElo "1966"]
[BlackElo "2205"]

1. e4 e5 2. Nf3 Nc6 3. Bb5 Nf6 4. Bxc6 dxc6 5. O-O Nxe4 6. Re1 Nd6 7. Nxe5 Be7
8. d4 O-O 9. Bf4 Nf5 10. c3 Be6 11. Nd2 Re8 12. Ndf3 c5 13. dxc5 Bxc5 14. Qxd8
Raxd8 15. b3 f6 16. Ng4 Rd3 17. c4 c6 18. Ne3 Nd4 19. Nxd4 Rxd4 20. Bg3 Rd2 21.
Red1 Red8 22. Rxd2 Rxd2 23. Kf1 Kf7 24. Bf4 g5 25. Bg3 Bd4 26. Ke1 Bxe3 27. fxe3
Rxg2 28. Kf1 Bh3 0-1

[Event "Challenge"]
[Site "http://www.queenalice.com/game.php?id=169282"]
[Date "2007.2.15"]
[Round "-"]
[White "gummino"]
[Black "coolkacheek"]
[Result "1-0"]
[WhiteElo "2161"]
[BlackElo "1881"]

1. e4 c5 2. Nf3 d6 3. d4 cxd4 4. Nxd4 Nf6 5. f3 a6 6. Nc3 e6 7. Be3 Be7 8. Qd2
Qc7 9. Be2 Nc6 10. O-O-O b5 11. Nxc6 Qxc6 12. a3 Bb7 13. g4 Rc8 14. g5 1-0

[Event "AUTO-OPEN-442"]
[Site "http://www.queenalice.com/game.php?id=177418"]
[Date "2007.3.5"]
[Round "2"]
[White "coolkacheek"]
[Black "grandeuberlandia"]
[Result "0-1"]
[WhiteElo "1956"]
[BlackElo "2270"]

1. e4 d5 2. exd5 Nf6 3. Nc3 Nxd5 4. Bc4 Nb6 5. Bb3 Nc6 6. Nf3 Bf5 7. d3 e6 8.
O-O Be7 9. Bf4 O-O 10. Re1 Na5 11. Nh4 Bxh4 0-1

[Event "AUTO-OPEN-442"]
[Site "http://www.queenalice.com/game.php?id=177423"]
[Date "2007.3.5"]
[Round "2"]
[White "coolkacheek"]
[Black "Eduarte"]
[Result "0-1"]
[WhiteElo "1876"]
[BlackElo "1932"]

1. e4 e5 2. Nf3 Nc6 3. Bb5 a6 4. Bxc6 dxc6 5. O-O Bd6 6. d4 Bg4 7. dxe5 Bxf3 8.
Qxf3 Bxe5 9. Rd1 Qe7 10. c3 Nf6 11. Bg5 O-O 0-1

[Event "AUTO-OPEN-442"]
[Site "http://www.queenalice.com/game.php?id=177424"]
[Date "2007.3.5"]
[Round "2"]
[White "Eduarte"]
[Black "coolkacheek"]
[Result "1-0"]
[WhiteElo "1946"]
[BlackElo "1860"]

1. e4 c5 2. Nf3 d6 3. c3 Nc6 4. d4 cxd4 5. cxd4 d5 6. e5 Bf5 7. Nc3 e6 8. Bd3
Bxd3 9. Qxd3 Qb6 10. O-O Nge7 11. g4 Ng6 12. a3 1-0

[Event "Challenge"]
[Site "http://www.queenalice.com/game.php?id=182847"]
[Date "2007.3.16"]
[Round "-"]
[White "coolkacheek"]
[Black "GoA"]
[Result "1-0"]
[WhiteElo "1846"]
[BlackElo "1145"]

1. e4 Nf6 2. e5 Ne4 3. d4 e6 4. Bd3 d5 5. exd6 Nxd6 6. Nf3 Nf5 7. c3 Bd7 8. O-O
Bd6 9. Re1 Bc6 10. Nbd2 Nh4 11. h3 Bd7 12. Nxh4 1-0

[Event "Rematch?"]
[Site "http://www.queenalice.com/game.php?id=189429"]
[Date "2007.3.29"]
[Round "-"]
[White "GoodKnight"]
[Black "coolkacheek"]
[Result "1-0"]
[WhiteElo "2248"]
[BlackElo "1846"]

1. e4 c5 2. Nf3 d6 3. Bb5+ Bd7 4. Bxd7+ Qxd7 5. O-O Nc6 6. c3 d5 7. exd5 Qxd5 8.
d4 e6 9. dxc5 Qxd1 10. Rxd1 Bxc5 11. b4 Bb6 12. Na3 Nf6 13. Nc4 Bc7 14. b5 Ne7
15. Ne3 O-O 16. Ba3 Rfe8 17. c4 b6 18. Bd6 Bxd6 19. Rxd6 Rad8 20. Rad1 Rxd6 21.
Rxd6 Kf8 22. Ne5 Nc8 23. Rc6 Ne4 24. Rc7 Ned6 25. Nc6 f5 26. f4 h6 27. g3 Nf7
28. Nxa7 Nxa7 29. Rxa7 Rc8 30. Rb7 Nd6 31. Rxb6 Nxc4 32. Rxe6 Nxe3 33. Rxe3 Rc2
34. Ra3 Rb2 35. Ra8+ Kf7 36. a4 Rb4 37. Ra7+ Kf8 38. Kf2 Rb2+ 39. Ke3 Rxh2 40.
b6 1-0

[Event "PLAY_I"]
[Site "http://www.queenalice.com/game.php?id=243788"]
[Date "2007.7.22"]
[Round "-"]
[White "bonfim"]
[Black "coolkacheek"]
[Result "0-1"]
[WhiteElo "1723"]
[BlackElo "1814"]

1. e4 c5 2. Bc4 e6 3. Nf3 a6 4. Nc3 Nc6 5. a3 Nge7 6. d4 cxd4 7. Nxd4 Nxd4 8.
Qxd4 Nc6 9. Qe3 b5 10. Bb3 Bb7 11. O-O Qc7 12. Bd2 Na5 13. e5 d6 14. exd6 Bxd6
15. g3 Nc4 16. Bxc4 Qxc4 17. Qb6 Qc6 18. Qxc6+ Bxc6 19. b4 Ke7 20. Rae1 Rac8 21.
h4 Rhd8 22. Be3 Bf3 23. Bb6 Rxc3 24. Bxd8+ Kxd8 25. Re3 Rxe3 26. fxe3 Bh5 27.
Kh2 Ke7 28. e4 Bg6 29. Re1 Kf6 30. Rd1 Ke5 31. Rf1 Kxe4 32. Re1+ Kd5 33. c3 Kc6
34. Re3 Kd5 35. Rd3+ Ke5 36. Re3+ Be4 37. h5 f5 38. Kh3 Kf6 39. g4 Bf4 40. Re1
Kg5 41. Rg1 Be3 42. gxf5+ Kf6 43. Re1 Bxf5+ 44. Kg3 Bg5 45. Rd1 Ke7 46. Rd4 Bf6
47. Rd1 Bxc3 48. Rc1 Be5+ 49. Kh4 Bb2 50. Rg1 g6 51. Rg3 Bf6+ 52. Rg5 Bxg5+ 53.
Kxg5 gxh5 54. Kxh5 Kf6 55. Kh6 e5 56. Kh5 e4 57. Kh4 Ke5 58. Kg3 Kd4 59. Kf4 Kd3
60. Kg3 e3 61. Kf3 Kd2 62. Kf4 e2 63. Kxf5 e1=Q 64. Kf6 h5 65. Kg5 Ke3 66. Kxh5
Qg3 67. Kh6 Kf4 68. Kh7 Kf5 69. Kh8 Kf6 70. Kh7 Qg7# 0-1

[Event "PLAY_II"]
[Site "http://www.queenalice.com/game.php?id=243789"]
[Date "2007.7.22"]
[Round "-"]
[White "coolkacheek"]
[Black "bonfim"]
[Result "1/2-1/2"]
[WhiteElo "1818"]
[BlackElo "1719"]

1. e4 e5 2. Nf3 Nc6 3. Bb5 f6 4. d4 d5 5. dxe5 dxe4 6. Bxc6+ bxc6 7. Qxd8+ Kxd8
8. Nfd2 Bf5 9. Nc3 Bb4 10. Ncxe4 Bxe4 11. c3 Bc2 12. cxb4 fxe5 13. O-O Ne7 14.
Re1 Ng6 15. Nc4 Re8 16. Bg5+ Kc8 17. Rac1 Bd3 18. Ne3 h6 19. Bh4 Nxh4 20. f3 Re6
21. Ng4 e4 22. fxe4 Rxe4 23. Rxe4 Bxe4 24. Ne3 Kb7 25. Rc4 Re8 26. Kf2 Re6 27.
g3 Rf6+ 28. Ke2 Bd5 29. Rxh4 Bxa2 30. Rg4 g5 31. Rd4 Kb6 32. Ng4 Rg6 33. Rd7 Be6
34. Rd4 c5 35. bxc5+ Kxc5 36. Ra4 Bxg4+ 37. Rxg4 a5 38. Kd3 Kb5 39. Kc3 a4 40.
Rb4+ Ka5 41. Rc4 c6 42. b3 axb3 43. Kxb3 h5 44. Rc5+ Kb6 45. Kb4 Rd6 46. Rxg5
Rd4+ 47. Kc3 Rd5 48. Rg8 Kb5 49. h3 Rc5+ 50. Kb3 Rc4 51. Rg5+ Rc5 52. Rg8 Rd5
53. Kc3 c5 54. Rb8+ Kc6 55. Rg8 Re5 56. Kd3 Kd5 57. g4 c4+ 58. Kd2 hxg4 59. hxg4
Kd4 60. Rd8+ Ke4 61. Kc3 Rg5 62. Rd4+ Kf3 63. Kxc4 Rxg4 64. Rxg4 Kxg4 65. Kd5
1/2-1/2

[Event "Challenge"]
[Site "http://www.queenalice.com/game.php?id=266983"]
[Date "2007.9.4"]
[Round "-"]
[White "smoan"]
[Black "coolkacheek"]
[Result "1-0"]
[WhiteElo "1233"]
[BlackElo "1828"]

1. e3 f5 2. Nf3 Nf6 3. Nh4 g6 4. Nf3 Bg7 5. b3 Ne4 6. d4 O-O 7. h4 Qe8 8. a4 d6
9. Ba3 c6 10. Qd3 Na6 11. Nc3 Nxc3 12. Qxc3 e5 13. Bxd6 exd4 14. Nxd4 c5 15. Nb5
Bxc3+ 16. Nxc3 Rf7 17. Bc4 Be6 18. Bb5 Qd8 19. Rd1 Qa5 20. Rd3 Nb4 21. Be5 Nxd3+
22. Bxd3 c4 23. Bxc4 Bxc4 24. bxc4 Qxe5 25. Kd2 Rd8+ 26. Ke2 Qxc3 27. Rd1 Rxd1
28. Kxd1 Rd7+ 29. Ke2 Qxc2+ 30. Kf3 Qd1+ 31. Kf4 1-0

[Event "Another game? =]"]
[Site "http://www.queenalice.com/game.php?id=323853"]
[Date "2007.12.21"]
[Round "-"]
[White "coolkacheek"]
[Black "smoan"]
[Result "1-0"]
[WhiteElo "1816"]
[BlackElo "1219"]

1. e4 e5 2. Nf3 Nc6 3. Bb5 a6 4. Bxc6 bxc6 5. O-O d6 6. d4 Bg4 7. dxe5 d5 8.
exd5 cxd5 9. Qd3 Nh6 10. h3 Bf5 11. Qe2 Rb8 12. Nc3 Bc5 13. Rd1 c6 14. Na4 Be7
15. Nd4 Bd7 16. Bf4 Ng8 17. e6 fxe6 18. Bxb8 Qxb8 19. Nxe6 g6 20. Re1 Qc8 21.
Nac5 Bxe6 22. Nxe6 Nf6 23. Ng7+ Kd7 24. Qxe7# 1-0

[Event "Challenge"]
[Site "http://www.queenalice.com/game.php?id=327211"]
[Date "2007.12.28"]
[Round "-"]
[White "coolkacheek"]
[Black "koutouzov"]
[Result "0-1"]
[WhiteElo "1828"]
[BlackElo "1937"]

1. e4 e5 2. Nf3 Nc6 3. Bb5 d6 4. d4 Bg4 5. dxe5 Bxf3 6. Qxf3 dxe5 7. O-O Qf6 8.
Qxf6 Nxf6 9. Re1 O-O-O 10. Bg5 Rd6 11. Nc3 h6 12. Bh4 g5 13. Bg3 Nd7 14. Rad1
Nd4 15. Bxd7+ Rxd7 16. Bxe5 Nxc2 17. Rxd7 Nxe1 0-1